• 首页
  • 本馆介绍
  • 公告通知
  • 最新文献
  • 馆藏检索
  • 电子资源
  • 读者导购
  • 参考咨询
  • 我的图书馆
  • 登录
  • 详细信息显示
  • 放入我的书架
  • 预约/预借图书
  • 作者相关作品
  • 分类相关作品
  • 丛书相关作品
  • 出版社相关作品

书目信息

  • 表格格式
  • 工作单格式
  • 卡片格式
题名:
后娘主义
    
 
作者: 尹吉男 著
分册:  
出版信息: 北京   三联书店  2002
页数: 294页
开本: 23cm
丛书名:
单 册:
中图分类: J052
科图分类:
主题词: 美术批评--中国--现代--文集 , CT--S051909--美术批评
电子资源:
ISBN: 7-108-01663-X
000 01191nam0 2200277 45
001 002214198
005 20031219104109.3
010    @a7-108-01663-X@dCNY38.00
100    @a20021220d2002 em y0chiy0110 ea
101 0  @achi
102    @aCN@b110000
105    @aa z 001yy
106    @ar
200 1  @a后娘主义@9hou niang zhu yi@e近观中国当代文化与美术@f尹吉男著
210    @a北京@c三联书店@d2002
215    @a294页@c图@d23cm
314    @a尹吉男,艺术史学家,艺术批评家,中国古代书画鉴定专家,中央美院美术史教授,著有《后娘主义:近观中国当代文化与美术》。
330    @a本书分“前卫概念”、“美人/艺人”、“文化眼光”、“精英之后”四部分,收录了37篇艺术随笔。作者以个性独特的思维方式触及了近两年艺术界、思想界的潮流、现象和艺术家群体、个人的状态,表述了对当代艺术的冷静观察与直觉感受。
510 1  @aPost-Motherism / Stepmotherism@eA Close Look at Contemporary Chinese Culture and Art@zeng
517 1  @a近观中国当代文化与美术@9jin guan zhong guo dang dai wen hua yu mei shu
606 0  @a美术批评@y中国@z现代@j文集
606 0  @2CT@3S051909@a美术批评
690    @aJ052@v4
701  0 @a尹吉男@9yin ji nan@4著
801    @aCN@bTSTC@c20030414
905    @b322625-627@dJ052@e100:2@f3
    
    后娘主义:近观中国当代文化与美术/尹吉男著.-北京:三联书店,2002
    294页:图;23cm
    
    
    ISBN 7-108-01663-X:CNY38.00
    本书分“前卫概念”、“美人/艺人”、“文化眼光”、“精英之后”四部分,收录了37篇艺术随笔。作者以个性独特的思维方式触及了近两年艺术界、思想界的潮流、现象和艺术家群体、个人的状态,表述了对当代艺术的冷静观察与直觉感受。
●
相关链接 在E读中查询图书 在五车中查询图书 在当当中查询图书 在豆瓣中查询图书


正题名:后娘主义     索取号:J052/100:2         预约/预借

序号 登录号 条形码 馆藏地/架位号 状态 备注
1 0322625   203226259   第一借阅区/ [索取号:J052/100:2] 在馆    
2 0322626   203226268   第一借阅区/ [索取号:J052/100:2] 在馆    
3 0322627   203226277   第一样本阅览室/ [索取号:J052/100:2] 在馆    
唐山师范学院图书馆 欢迎您!
大连网信软件有限公司© 版权所有